[Event "NOE Landesliga 2017/2018"]
[Site "verschiedene"]
[Date "2017.12.10"]
[Round "6"]
[Board "3"]
[White "Lampl, Gerald"]
[Black "Ebner, Johann"]
[Result "1/2-1/2"]
[WhiteElo "2084"]
[BlackElo "2074"]
[PlyCount "82"]
[EventDate "2017.10.01"]
[EventType "team"]
[EventRounds "11"]
[EventCountry "AUT"]
[WhiteTeam "ASK Kottingbrunn"]
[BlackTeam "KSV Boehlerwerk"]

1. d4 e6 2. g3 Nf6 3. c4 Bb4+ 4. Bd2 Qe7 5. Nf3 O-O 6. Bg2 Nc6 7. O-O Bxd2 8.
Qxd2 e5 9. d5 Nd8 10. d6 cxd6 11. Nc3 Nc6 12. Rad1 Ne8 13. Ne4 f5 14. Nxd6 e4
15. Qd5+ Kh8 16. Nxc8 Rxc8 17. Nd4 Nxd4 18. Qxd4 Nf6 19. f3 b6 20. fxe4 fxe4
21. Rf4 Rfe8 22. e3 Rc5 23. Qd6 Qe6 24. Qxe6 Rxe6 25. Rd4 Re8 26. Bh3 d5 27. b3
h6 28. Bf5 dxc4 29. Rxc4 Nd5 30. Rfxe4 Rxe4 31. Rxc5 bxc5 32. Bxe4 Nxe3 33. h3
Nd1 34. Bc2 Ne3 35. Bd3 Nd5 36. Kf2 Nb4 37. Bb1 Nd5 38. a3 g5 39. Be4 Nf6 40.
Bc6 Kg7 41. Ke3 Kf7  1/2-1/2

[Event "NOE Landesliga 2017/2018"]
[Site "verschiedene"]
[Date "2017.12.10"]
[Round "6"]
[Board "4"]
[White "Dornauer, Joachim"]
[Black "Haas, Bernhard"]
[Result "0-1"]
[WhiteElo "2166"]
[BlackElo "2002"]
[PlyCount "140"]
[EventDate "2017.10.01"]
[EventType "team"]
[EventRounds "11"]
[EventCountry "AUT"]
[WhiteTeam "KSV Boehlerwerk"]
[BlackTeam "ASK Kottingbrunn"]

1. d4 Nf6 2. c4 g6 3. Nc3 Bg7 4. e4 d6 5. f3 O-O 6. Be3 Na6 7. Qd2 c5 8. Nge2
Nd7 9. Bh6 cxd4 10. Bxg7 Kxg7 11. Nxd4 Ne5 12. Be2 Nc5 13. O-O Be6 14. f4 Nc6
15. f5 Bd7 16. f6+ exf6 17. Nd5 Nxe4 18. Qe3 f5 19. Bf3 Qg5 20. Qxg5 Nxg5 21.
Nb5 Nxf3+ 22. gxf3 Ne5 23. Nxd6 Bc6 24. Rad1 Rad8 25. c5 Nc4 26. Nxc4 Rxd5 27.
Rxd5 Bxd5 28. Nd6 a5 29. Kf2 a4 30. Ke3 Rb8 31. Rd1 Bxa2 32. Rd4 Bb3 33. Rb4
Kf6 34. c6 Be6 35. c7 Ra8 36. Rxb7 a3 37. Rb8 Ra6 38. bxa3 Rxd6 39. c8=Q Bxc8
40. Rxc8 Ra6 41. Rc3 Ra4 42. f4 h6 43. h4 Ke6 44. Rb3 Kd5 45. Kf3 f6 46. Ke3 g5
47. hxg5 fxg5 48. fxg5 hxg5 49. Rb5+ Ke6 50. Rb6+ Ke5 51. Rb5+ Kf6 52. Rb6+ Kg7
53. Rb3 Kg6 54. Kf3 g4+ 55. Kg3 Kg5 56. Kg2 f4 57. Rb5+ Kh4 58. Rb8 Rxa3 59.
Rh8+ Kg5 60. Rg8+ Kf5 61. Rf8+ Ke4 62. Re8+ Kd3 63. Rd8+ Ke2 64. Rf8 f3+ 65.
Kg3 f2+ 66. Kg2 g3 67. Re8+ Re3 68. Rf8 Ke1 69. Rf7 Re2 70. Kh1 g2+  0-1

[Event "NOE Landesliga 2017/2018"]
[Site "verschiedene"]
[Date "2018.01.21"]
[Round "7"]
[Board "2"]
[White "Groetz, Harald"]
[Black "Ebner, Johann"]
[Result "1-0"]
[WhiteElo "2335"]
[BlackElo "2074"]
[PlyCount "89"]
[EventDate "2017.10.01"]
[EventType "team"]
[EventRounds "11"]
[EventCountry "AUT"]
[WhiteTeam "SV Stockerau"]
[BlackTeam "KSV Boehlerwerk"]

1. Nf3 e6 2. g3 Nf6 3. Bg2 d5 4. b3 Be7 5. Bb2 O-O 6. O-O c6 7. c4 b6 8. e3 Bb7
9. Nc3 Nbd7 10. d4 Re8 11. Rc1 Bd6 12. Re1 Rc8 13. a3 a6 14. Rc2 b5 15. Nd2 e5
16. cxd5 cxd5 17. dxe5 Nxe5 18. Nf3 Nxf3+ 19. Bxf3 Be5 20. Qd3 Ne4 21. Bg4 Nc5
22. Qd1 Rc7 23. Ne2 Bxb2 24. Rxb2 Ne4 25. Nd4 Bc8 26. Bf3 Qd6 27. Rc2 Rxc2 28.
Nxc2 Qf6 29. Nd4 Ng5 30. Bg2 Nh3+ 31. Bxh3 Bxh3 32. Qd2 Rc8 33. Rc1 Rxc1+ 34.
Qxc1 Qg6 35. Qc2 Qg4 36. f3 Qg5 37. Kf2 h5 38. Qc6 Qe7 39. b4 Qe5 40. Qxa6 h4
41. Qxb5 g5 42. Qb6 hxg3+ 43. hxg3 g4 44. Qh6 Qc7 45. fxg4  1-0

[Event "NOE Landesliga 2017/2018"]
[Site "verschiedene"]
[Date "2018.01.21"]
[Round "7"]
[Board "3"]
[White "Lovrinovic, Christian"]
[Black "Schirmbeck, Hannes"]
[Result "1/2-1/2"]
[WhiteElo "2139"]
[BlackElo "2195"]
[PlyCount "41"]
[EventDate "2017.10.01"]
[EventType "team"]
[EventRounds "11"]
[EventCountry "AUT"]
[WhiteTeam "KSV Boehlerwerk"]
[BlackTeam "SV Stockerau"]

1. d4 Nf6 2. c4 g6 3. Nc3 Bg7 4. e4 d6 5. Nf3 O-O 6. Be2 e5 7. O-O Nc6 8. d5
Ne7 9. b4 Nh5 10. g3 f5 11. Ng5 Nf6 12. Bf3 fxe4 13. Ncxe4 a5 14. b5 Nf5 15.
Bg2 Qe7 16. a4 Bd7 17. Bb2 Nxe4 18. Nxe4 Rf7 19. Qd3 b6 20. Rae1 Re8 21. Bc3
 1/2-1/2

[Event "NOE Landesliga 2017/2018"]
[Site "verschiedene"]
[Date "2018.01.21"]
[Round "7"]
[Board "4"]
[White "Piringer, Florian"]
[Black "Strobel, Ferdinand"]
[Result "1-0"]
[WhiteElo "2183"]
[BlackElo "2036"]
[PlyCount "53"]
[EventDate "2017.10.01"]
[EventType "team"]
[EventRounds "11"]
[EventCountry "AUT"]
[WhiteTeam "SV Stockerau"]
[BlackTeam "KSV Boehlerwerk"]

1. d4 f5 2. Bg5 g6 3. Nc3 Bg7 4. h4 Nf6 5. h5 Nxh5 6. e4 fxe4 7. Rxh5 gxh5 8.
Qxh5+ Kf8 9. Nd5 Nc6 10. Bc4 Qe8 11. Qxe8+ Kxe8 12. Nxc7+ Kd8 13. Nxa8 b5 14.
Bxb5 Nxd4 15. Ba4 Bb7 16. O-O-O Bxa8 17. Be3 Nc6 18. Ne2 Kc7 19. Ng3 d6 20.
Nxe4 Nd8 21. f3 Bxe4 22. fxe4 Ne6 23. c3 Be5 24. Rf1 Bf6 25. Bd1 a6 26. Rh1 Ng5
27. Rh4  1-0

[Event "NOE Landesliga 2017/2018"]
[Site "verschiedene"]
[Date "2018.01.21"]
[Round "7"]
[Board "1"]
[White "Weinzettl, Ernst"]
[Black "Sandhoefner, Florian"]
[Result "0-1"]
[WhiteElo "2278"]
[BlackElo "2267"]
[PlyCount "76"]
[EventDate "2017.10.01"]
[EventType "team"]
[EventRounds "11"]
[EventCountry "AUT"]
[WhiteTeam "ASVOE VHS Poechlarn"]
[BlackTeam "SV Amstetten"]

1. e4 c5 2. Nf3 d6 3. d4 cxd4 4. Nxd4 Nf6 5. Nc3 a6 6. h3 e6 7. g4 b5 8. Bg2
Bb7 9. g5 Nfd7 10. O-O Be7 11. f4 b4 12. Nce2 O-O 13. Ng3 Nc6 14. Nf3 Rc8 15.
Be3 Qc7 16. Rc1 Qa5 17. b3 Rfd8 18. Nd2 Nb6 19. f5 d5 20. fxe6 fxe6 21. Qg4 d4
22. Qxe6+ Kh8 23. Bf4 Bxg5 24. Qg4 Bxf4 25. Rxf4 Ne5 26. Qh5 d3 27. Rh4 h6 28.
Nf5 Rc6 29. Qg5 Rd7 30. Nxh6 Qc5+ 31. Kh1 Rxh6 32. Rxh6+ gxh6 33. Qxh6+ Kg8 34.
Nf3 Nf7 35. Qg6+ Kf8 36. Rf1 Rd6 37. Qg3 dxc2 38. Ng5 c1=Q  0-1

[Event "NOE Landesliga 2017/2018"]
[Site "verschiedene"]
[Date "2018.01.21"]
[Round "7"]
[Board "2"]
[White "Rumpl, Erwin"]
[Black "Loeffler, Stefan"]
[Result "0-1"]
[WhiteElo "2295"]
[BlackElo "2372"]
[PlyCount "124"]
[EventDate "2017.10.01"]
[EventType "team"]
[EventRounds "11"]
[EventCountry "AUT"]
[WhiteTeam "SV Amstetten"]
[BlackTeam "ASVOE VHS Poechlarn"]

1. Nf3 g6 2. g3 Bg7 3. d4 c5 4. c3 Qa5 5. e3 Nf6 6. Bg2 d5 7. O-O O-O 8. Nbd2
Qc7 9. Ne5 Bf5 10. Re1 Rd8 11. Qe2 Nbd7 12. Nxd7 Bxd7 13. dxc5 Qxc5 14. e4 Bb5
15. Qf3 Bc6 16. exd5 Bxd5 17. Qe2 Qc6 18. Bxd5 Nxd5 19. Nf1 Rd7 20. Ne3 Nxc3
21. bxc3 Bxc3 22. Rb1 Bxe1 23. Qxe1 Rad8 24. Bb2 Rd2 25. Nf1 R2d7 26. Rc1 Qd5
27. Qc3 f6 28. Ne3 Qxa2 29. Ra1 Qe6 30. Rxa7 Rd3 31. Qa5 Qe4 32. Ra8 Rxa8 33.
Qxa8+ Kg7 34. Qa1 Rb3 35. Qc1 Qb4 36. Nd1 Qe1+ 37. Kg2 Rd3 38. Ne3 Qxc1 39.
Bxc1 e5 40. Kf1 Kf7 41. Ke2 Rb3 42. Kd1 Ke6 43. Kc2 Rb5 44. Bd2 f5 45. h4 f4
46. gxf4 exf4 47. Ng2 f3 48. Ne1 Kf5 49. Nxf3 Kg4 50. Nd4 Rc5+ 51. Kd3 Kxh4 52.
Be3 Rc8 53. Ke4 Re8+ 54. Kf4 Rf8+ 55. Ke5 Kg4 56. Ke6 h5 57. Ke7 Ra8 58. f3+
Kg3 59. Kf6 h4 60. Kxg6 h3 61. Ne6 Kxf3 62. Bf4 Ra6  0-1

[Event "NOE Landesliga 2017/2018"]
[Site "verschiedene"]
[Date "2018.01.21"]
[Round "7"]
[Board "3"]
[White "Ganaus, Hannes"]
[Black "Wadsack, Wolfgang"]
[Result "1-0"]
[WhiteElo "2239"]
[BlackElo "2161"]
[PlyCount "117"]
[EventDate "2017.10.01"]
[EventType "team"]
[EventRounds "11"]
[EventCountry "AUT"]
[WhiteTeam "ASVOE VHS Poechlarn"]
[BlackTeam "SV Amstetten"]

1. d4 d5 2. e3 Nf6 3. c4 e6 4. Nf3 Bb4+ 5. Nbd2 c6 6. a3 Qa5 7. Rb1 Be7 8. Qc2
O-O 9. Bd3 dxc4 10. Bxc4 c5 11. dxc5 Qxc5 12. b4 Qc7 13. Qb3 a5 14. b5 b6 15.
Bb2 Nbd7 16. Rc1 Nc5 17. Qa2 Bb7 18. O-O Nfd7 19. Be2 Bd5 20. Qa1 Bf6 21. e4
Bxb2 22. Qxb2 Bb7 23. Rfe1 e5 24. Bc4 h6 25. Nb3 Rae8 26. Qa2 Re7 27. Nh4 Kh7
28. Nf5 Ree8 29. f3 g6 30. Ne3 a4 31. Nxc5 Nxc5 32. Red1 Qe7 33. Bd5 Rd8 34.
Bxb7 Rxd1+ 35. Rxd1 Nxb7 36. Rd5 Rc8 37. Qd2 Rc7 38. Ng4 g5 39. Qb2 f6 40. h4
Kg6 41. Kh2 Nd6 42. Qb4 Nc4 43. h5+ Kg7 44. Qxe7+ Rxe7 45. Rd3 Ra7 46. Kh3 Rf7
47. Ne3 Nxe3 48. Rxe3 f5 49. exf5 Rxf5 50. Re4 Kf6 51. Rxa4 e4 52. Rxe4 Rxb5
53. Rb4 Ra5 54. Rxb6+ Kf5 55. g4+ Kf4 56. Rf6+ Ke3 57. Kg3 Rxa3 58. Re6+ Kd4
59. Rxh6  1-0

[Event "NOE Landesliga 2017/2018"]
[Site "verschiedene"]
[Date "2018.01.21"]
[Round "7"]
[Board "4"]
[White "Wadsack, Winfried"]
[Black "Ernst, Michael"]
[Result "1/2-1/2"]
[WhiteElo "2127"]
[BlackElo "2135"]
[PlyCount "28"]
[EventDate "2017.10.01"]
[EventType "team"]
[EventRounds "11"]
[EventCountry "AUT"]
[WhiteTeam "SV Amstetten"]
[BlackTeam "ASVOE VHS Poechlarn"]

1. e4 e6 2. d4 d5 3. Nc3 Nf6 4. Bg5 dxe4 5. Nxe4 Nbd7 6. Nf3 h6 7. Nxf6+ Nxf6
8. Bh4 c5 9. Bb5+ Bd7 10. Bxd7+ Qxd7 11. Bxf6 gxf6 12. O-O O-O-O 13. dxc5 Qxd1
14. Rfxd1 Bxc5  1/2-1/2

[Event "NOE Landesliga 2017/2018"]
[Site "verschiedene"]
[Date "2018.01.21"]
[Round "7"]
[Board "1"]
[White "Kuba, Guenter"]
[Black "Bauer, Thomas"]
[Result "1/2-1/2"]
[WhiteElo "2331"]
[BlackElo "2178"]
[PlyCount "39"]
[EventDate "2017.10.01"]
[EventType "team"]
[EventRounds "11"]
[EventCountry "AUT"]
[WhiteTeam "SG Voest Krems"]
[BlackTeam "SG Litschau/Eisgarn"]

1. e4 d6 2. d4 Nf6 3. Nc3 g6 4. Be3 a6 5. Qd2 Nbd7 6. Bd3 b5 7. Nce2 Bb7 8. f3
c5 9. c3 Qc7 10. Nh3 Bg7 11. O-O O-O 12. Kh1 Rac8 13. Nf2 Nb6 14. b3 Qb8 15.
Bg5 Rfe8 16. Ng4 Nxg4 17. fxg4 Qa8 18. Qe3 Rc7 19. Rae1 Nd7 20. h3  1/2-1/2

[Event "NOE Landesliga 2017/2018"]
[Site "verschiedene"]
[Date "2018.01.21"]
[Round "7"]
[Board "2"]
[White "Wagner, Stefan"]
[Black "Kleiser, Gregor"]
[Result "0-1"]
[WhiteElo "2150"]
[BlackElo "2210"]
[PlyCount "114"]
[EventDate "2017.10.01"]
[EventType "team"]
[EventRounds "11"]
[EventCountry "AUT"]
[WhiteTeam "SG Litschau/Eisgarn"]
[BlackTeam "SG Voest Krems"]

1. c4 c6 2. g3 d5 3. Bg2 Nf6 4. cxd5 cxd5 5. Nf3 Nc6 6. d4 Bf5 7. O-O e6 8. Nc3
Be7 9. Nh4 Bg4 10. h3 Bh5 11. g4 Nd7 12. Nf3 Bg6 13. Bf4 O-O 14. Ne5 Ndxe5 15.
dxe5 Rc8 16. Qa4 a6 17. Rfd1 b5 18. Qxa6 Nb4 19. Qxb5 Rb8 20. Qa4 Bc2 21. b3
Ra8 22. Qb5 Qc7 23. Bxd5 exd5 24. Nxd5 Nxd5 25. Rxd5 Qc3 26. Rf1 Rxa2 27. Rd7
Bh4 28. e6 Qxh3 29. e7 Qxg4+ 30. Bg3 Bxe7 31. Rxe7 Be4 32. Re8 Ra8 33. Rxf8+
Rxf8 34. Kh2 Bf5 35. Qc4 Qh5+ 36. Kg1 Rc8 37. Qf4 Be6 38. f3 Qb5 39. Kf2 Bxb3
40. Rc1 Re8 41. Re1 Bc4 42. Qd2 h5 43. Bf4 g6 44. Be3 h4 45. Qd4 h3 46. Qh4 Qb3
47. Bd4 Qc2 48. Qxh3 Bxe2 49. Kg1 Qd2 50. Bf2 Re5 51. Ra1 Rg5+ 52. Kh1 Qd5 53.
Qc8+ Kh7 54. Qc2 Bd3 55. Qd1 Qf5 56. Kh2 Qe5+ 57. Kh1 Rh5+  0-1

[Event "NOE Landesliga 2017/2018"]
[Site "verschiedene"]
[Date "2018.01.21"]
[Round "7"]
[Board "3"]
[White "Winiwarter, Felix"]
[Black "Plasil, Jiri"]
[Result "0-1"]
[WhiteElo "2082"]
[BlackElo "2069"]
[PlyCount "63"]
[EventDate "2017.10.01"]
[EventType "team"]
[EventRounds "11"]
[EventCountry "AUT"]
[WhiteTeam "SG Voest Krems"]
[BlackTeam "SG Litschau/Eisgarn"]

1. e4 d5 2. exd5 Qxd5 3. Nc3 Qa5 4. d4 Nf6 5. Nf3 Bg4 6. h3 Bxf3 7. Qxf3 c6 8.
Bc4 e6 9. O-O Be7 10. Bf4 O-O 11. Rad1 Nbd7 12. Rfe1 Bb4 13. Bb3 Rac8 14. Re3
Bxc3 15. Rxc3 Nd5 16. Rcd3 Nxf4 17. Qxf4 Nf6 18. g4 Qc7 19. Qf3 Rcd8 20. c4 e5
21. Qg3 Rfe8 22. Re3 Qa5 23. dxe5 Rxd1+ 24. Bxd1 Nd7 25. Bc2 Qxa2 26. Bf5 Nf8
27. Rb3 g6 28. Be4 Qa1+ 29. Kg2 Qa5 30. Qf3 Qc7 31. Qe2 Ne6 32. Bc2  0-1

[Event "NOE Landesliga 2017/2018"]
[Site "verschiedene"]
[Date "2018.01.21"]
[Round "7"]
[Board "4"]
[White "Popelka, Oldrich"]
[Black "Woeber, Friedrich"]
[Result "1-0"]
[WhiteElo "2123"]
[BlackElo "2140"]
[PlyCount "37"]
[EventDate "2017.10.01"]
[EventType "team"]
[EventRounds "11"]
[EventCountry "AUT"]
[WhiteTeam "SG Litschau/Eisgarn"]
[BlackTeam "SG Voest Krems"]

1. c4 Nf6 2. Nc3 g6 3. g3 Bg7 4. Bg2 O-O 5. Nf3 d6 6. Rb1 a5 7. a3 Nc6 8. b4
axb4 9. axb4 e5 10. O-O Bf5 11. d3 Qd7 12. b5 Nd4 13. Bg5 Nxf3+ 14. Bxf3 c6 15.
Qb3 Rfb8 16. bxc6 bxc6 17. Qxb8+ Rxb8 18. Rxb8+ Ne8 19. Rd8  1-0

[Event "NOE Landesliga 2017/2018"]
[Site "verschiedene"]
[Date "2018.01.21"]
[Round "7"]
[Board "1"]
[White "Hofegger, Jakob"]
[Black "Blatny, Pavel"]
[Result "1/2-1/2"]
[WhiteElo "2111"]
[BlackElo "2351"]
[PlyCount "115"]
[EventDate "2017.10.01"]
[EventType "team"]
[EventRounds "11"]
[EventCountry "AUT"]
[WhiteTeam "SK Advisory Invest Baden"]
[BlackTeam "SK Zwettl"]

1. Nf3 b6 2. g3 Bb7 3. Bg2 e6 4. O-O f5 5. d4 Be7 6. c4 Nf6 7. Nc3 Ne4 8. Qc2
Nxc3 9. Qxc3 Bf6 10. Qd2 a5 11. b3 O-O 12. Bb2 d6 13. Rad1 Nd7 14. Ne1 Bxg2 15.
Nxg2 g5 16. f3 Qe7 17. e4 fxe4 18. fxe4 Qg7 19. Rf2 Qg6 20. Re1 Bg7 21. Rxf8+
Rxf8 22. Qe2 c5 23. e5 cxd4 24. Bxd4 Bxe5 25. Be3 Bc3 26. Rf1 Rxf1+ 27. Qxf1 d5
28. cxd5 exd5 29. h3 d4 30. Qc4+ Qf7 31. Qc8+ Kg7 32. Bxg5 Nc5 33. Nf4 d3 34.
Qg4 d2 35. Nh5+ Kh8 36. Bxd2 Bxd2 37. Qd4+ Kg8 38. Qd8+ Qf8 39. Qxd2 Qf5 40. g4
Qe5 41. Nf4 Kg7 42. Ne2 h5 43. Qd4 Qxd4+ 44. Nxd4 hxg4 45. hxg4 a4 46. b4 Nd3
47. a3 Ne5 48. Kf2 Nxg4+ 49. Kf3 Nf6 50. Kf4 Nd5+ 51. Ke5 Nc3 52. Kd6 Kf6 53.
Kc6 Ke5 54. Nb5 Nd5 55. Nc7 Nxb4+ 56. Kxb6 Nc2 57. Kb5 Nxa3+ 58. Kxa4  1/2-1/2

[Event "NOE Landesliga 2017/2018"]
[Site "verschiedene"]
[Date "2018.01.21"]
[Round "7"]
[Board "2"]
[White "Vyskocil, Neklan"]
[Black "Zojer, Stefan"]
[Result "1-0"]
[WhiteElo "2325"]
[BlackElo "2127"]
[PlyCount "39"]
[EventDate "2017.10.01"]
[EventType "team"]
[EventRounds "11"]
[EventCountry "AUT"]
[WhiteTeam "SK Zwettl"]
[BlackTeam "SK Advisory Invest Baden"]

1. d4 d5 2. c4 c6 3. cxd5 cxd5 4. Nc3 Nf6 5. Bf4 Nc6 6. e3 Bf5 7. Nf3 Rc8 8.
Qb3 Na5 9. Bb5+ Bd7 10. Qa4 Rc4 11. Bxd7+ Nxd7 12. Qd1 Qb6 13. Nxd5 Qxb2 14.
O-O e6 15. Nc7+ Kd8 16. Ng5 Ke7 17. d5 e5 18. d6+ Kf6 19. Qh5 exf4 20. Ne8+  1-0

[Event "NOE Landesliga 2017/2018"]
[Site "verschiedene"]
[Date "2018.01.21"]
[Round "7"]
[Board "3"]
[White "Juenger, Heinz"]
[Black "Zwettler, Martin"]
[Result "1-0"]
[WhiteElo "2111"]
[BlackElo "2224"]
[PlyCount "143"]
[EventDate "2017.10.01"]
[EventType "team"]
[EventRounds "11"]
[EventCountry "AUT"]
[WhiteTeam "SK Advisory Invest Baden"]
[BlackTeam "SK Zwettl"]

1. e4 d6 2. d4 Nf6 3. Nc3 c6 4. Nf3 Bg4 5. Be2 e6 6. d5 cxd5 7. exd5 e5 8. Nd2
Bxe2 9. Qxe2 Be7 10. Nc4 Nbd7 11. Be3 O-O 12. a4 a6 13. a5 Rc8 14. Ra4 Nc5 15.
Rb4 Nfd7 16. O-O f5 17. f3 Qc7 18. Kh1 Bf6 19. Na4 Nxa4 20. Rxa4 Rf7 21. Rb4
Re8 22. Rd1 Rfe7 23. Nb6 Nxb6 24. Bxb6 Qd7 25. c4 e4 26. f4 g5 27. g3 gxf4 28.
gxf4 Rg7 29. c5 Kh8 30. Rc4 dxc5 31. Rxc5 Qa4 32. d6 e3 33. Rc4 Qxd1+ 34. Qxd1
e2 35. Qe1 Bh4 36. Rc8 Rxc8 37. d7 Rxd7 38. Qxe2 Bf6 39. Kg2 Kg7 40. Kf3 Kf7
41. Kg2 Rd5 42. Kh3 Rc6 43. Bf2 Rb5 44. Qd3 Ke7 45. Bb6 Rd6 46. Qc2 Rc6 47. Qd3
Ke6 48. Bd8 Bxb2 49. Qe3+ Kd6 50. Qd3+ Rd5 51. Be7+ Ke6 52. Qe2+ Be5 53. Bb4
Rb5 54. Be1 Rc1 55. fxe5 Rxe5 56. Qa2+ Rd5 57. Bh4 Rc3+ 58. Kg2 f4 59. Qb2 f3+
60. Kg3 Rdc5 61. Qb6+ Kf5 62. Qb1+ Ke5 63. Qe1+ Kf5 64. Qb1+ Rc2 65. Qb4 R2c4
66. Qxb7 Rg4+ 67. Kh3 h5 68. Qxf3+ Ke5 69. Bg3+ Ke6 70. Qe3+ Kd5 71. Qd3+ Kc6
72. Qxa6+  1-0

[Event "NOE Landesliga 2017/2018"]
[Site "verschiedene"]
[Date "2018.01.21"]
[Round "7"]
[Board "4"]
[White "Lipp, Alfred"]
[Black "Herndlbauer, Martin"]
[Result "0-1"]
[WhiteElo "2014"]
[BlackElo "2081"]
[PlyCount "88"]
[EventDate "2017.10.01"]
[EventType "team"]
[EventRounds "11"]
[EventCountry "AUT"]
[WhiteTeam "SK Zwettl"]
[BlackTeam "SK Advisory Invest Baden"]

1. d4 d5 2. c4 c6 3. Nf3 Nf6 4. Nc3 dxc4 5. a4 Bf5 6. e3 e6 7. Bxc4 Bb4 8. O-O
Nbd7 9. Bd3 Bxd3 10. Qxd3 O-O 11. Rd1 Qe7 12. Qc4 Rfd8 13. Bd2 a5 14. Na2 Bd6
15. b4 axb4 16. Bxb4 Nb6 17. Bxd6 Qxd6 18. Qb3 Nxa4 19. Nb4 Nb6 20. Nd3 Qc7 21.
Rab1 Nfd7 22. Rdc1 Rdb8 23. e4 Ra5 24. h4 Rba8 25. Nde5 Nxe5 26. Nxe5 R8a6 27.
h5 h6 28. f4 Qd8 29. Qd1 Qh4 30. Qd2 Ra2 31. Rc2 Rxc2 32. Qxc2 Qxf4 33. Qd3 Qg5
34. Qf3 Qe7 35. Rf1 f6 36. Ng6 Qd7 37. Rd1 Ra4 38. Qf2 Nc8 39. e5 f5 40. g4 Ne7
41. gxf5 Nxf5 42. d5 cxd5 43. Qc5 Qd8 44. Kh2 Rh4+  0-1

[Event "NOE Landesliga 2017/2018"]
[Site "verschiedene"]
[Date "2018.01.21"]
[Round "7"]
[Board "3"]
[White "Kadletz, Karl"]
[Black "Vrana, Frantisek"]
[Result "0-1"]
[WhiteElo "1925"]
[BlackElo "2253"]
[PlyCount "70"]
[EventDate "2017.10.01"]
[EventType "team"]
[EventRounds "11"]
[EventCountry "AUT"]
[WhiteTeam "SG Bisamberg/Korneuburg"]
[BlackTeam "SV Mistelbach"]

1. Nf3 g6 2. g3 Bg7 3. Bg2 Nf6 4. O-O O-O 5. d3 d6 6. e4 c5 7. Qe2 Nc6 8. c3
Bd7 9. h3 a6 10. Kh2 Qc7 11. Na3 b5 12. Bd2 Rab8 13. d4 b4 14. Nc4 bxc3 15.
bxc3 cxd4 16. cxd4 Ne8 17. Bc3 Nb4 18. Rfb1 a5 19. Bf1 d5 20. exd5 Bf5 21. Rc1
Bd3 22. Qe1 Bxc4 23. Bxb4 Rxb4 24. a3 Rb3 25. Rxc4 Qd6 26. Rc3 Rxc3 27. Qxc3
Qxd5 28. Re1 e6 29. Bc4 Qa8 30. Bf1 Nd6 31. Ne5 Rc8 32. Qe3 Nf5 33. Qf4 Qa7 34.
g4 Nxd4 35. Re4 Qc7  0-1

[Event "NOE Landesliga 2017/2018"]
[Site "verschiedene"]
[Date "2018.01.21"]
[Round "7"]
[Board "4"]
[White "Teuber, Andreas"]
[Black "Ayatollahi, Ehsan"]
[Result "1-0"]
[WhiteElo "2161"]
[BlackElo "1931"]
[PlyCount "73"]
[EventDate "2017.10.01"]
[EventType "team"]
[EventRounds "11"]
[EventCountry "AUT"]
[WhiteTeam "SV Mistelbach"]
[BlackTeam "SG Bisamberg/Korneuburg"]

1. d4 d5 2. c4 e6 3. g3 Nf6 4. Nf3 c5 5. cxd5 Nxd5 6. Bg2 Nc6 7. O-O Be7 8.
dxc5 O-O 9. e4 Ndb4 10. a3 Nd3 11. b4 a5 12. b5 Nxc1 13. Qxc1 Nd4 14. Qc4 Nxf3+
15. Bxf3 Qc7 16. Rc1 Rd8 17. a4 Bd7 18. Ra2 Rac8 19. Rac2 Be8 20. Bg2 e5 21. h4
Rd4 22. Qa2 Bd7 23. Nd2 Be6 24. Qa1 Qd8 25. Nf3 Rb4 26. Rd2 Qc7 27. c6 Rxe4 28.
b6 Qxb6 29. Nxe5 Rb4 30. cxb7 Rxc1+ 31. Qxc1 Rb1 32. Rc2 Rxc1+ 33. Rxc1 Bf8 34.
Rc8 Qd6 35. Nc6 Qd7 36. Rxf8+ Kxf8 37. b8=Q+  1-0

[Event "NOE Landesliga 2017/2018"]
[Site "verschiedene"]
[Date "2018.02.18"]
[Round "8"]
[Board "1"]
[White "Mikes, Jan"]
[Black "Hofegger, Jakob"]
[Result "1/2-1/2"]
[WhiteElo "2233"]
[BlackElo "2111"]
[PlyCount "103"]
[EventDate "2017.10.01"]
[EventType "team"]
[EventRounds "11"]
[EventCountry "AUT"]
[WhiteTeam "SV Mistelbach"]
[BlackTeam "SK Advisory Invest Baden"]

1. e4 e6 2. d4 d5 3. Nc3 Nf6 4. e5 Nfd7 5. f4 c5 6. Nf3 Nc6 7. Be3 cxd4 8. Nxd4
Bc5 9. Qd2 O-O 10. O-O-O a6 11. g4 Nxd4 12. Bxd4 b5 13. h4 Qb6 14. g5 Bxd4 15.
Qxd4 Qxd4 16. Rxd4 Nb8 17. Bg2 Nc6 18. Rd2 b4 19. Ne2 a5 20. Nd4 Nxd4 21. Rxd4
Ba6 22. f5 exf5 23. Bxd5 Rae8 24. Re1 Bc8 25. c4 bxc3 26. bxc3 Be6 27. Kd2 Rb8
28. Kc2 Rfc8 29. h5 Rb5 30. Bxe6 fxe6 31. g6 Rbc5 32. Re3 hxg6 33. hxg6 Kf8 34.
Rd7 R5c7 35. Red3 Rxd7 36. Rxd7 Rc5 37. Rf7+ Ke8 38. Rxg7 Rxe5 39. Ra7 Kf8 40.
Kd3 Kg8 41. c4 f4 42. Rf7 Re3+ 43. Kd4 e5+ 44. Kd5 Rc3 45. Kxe5 Rxc4 46. Kf6 f3
47. Kg5 Rc3 48. Kh6 Rc2 49. Rg7+ Kh8 50. Ra7 Rh2+ 51. Kg5 f2 52. Rf7  1/2-1/2

[Event "NOE Landesliga 2017/2018"]
[Site "verschiedene"]
[Date "2018.02.18"]
[Round "8"]
[Board "2"]
[White "Zojer, Stefan"]
[Black "Hofmann, Thomas"]
[Result "0-1"]
[WhiteElo "2127"]
[BlackElo "2244"]
[PlyCount "74"]
[EventDate "2017.10.01"]
[EventType "team"]
[EventRounds "11"]
[EventCountry "AUT"]
[WhiteTeam "SK Advisory Invest Baden"]
[BlackTeam "SV Mistelbach"]

1. d4 Nf6 2. Nf3 c5 3. dxc5 e6 4. a3 Bxc5 5. b4 Be7 6. Bb2 a5 7. b5 a4 8. e3 d5
9. Nbd2 Nbd7 10. Rc1 O-O 11. c4 Nc5 12. Ne5 Bd6 13. Nd3 Qe7 14. Nxc5 Bxc5 15.
Nb1 Rd8 16. Qc2 b6 17. Bd3 e5 18. cxd5 Bb7 19. O-O Bxd5 20. Bc4 Be4 21. Qc3 Re8
22. Nd2 Bb7 23. Nf3 Ng4 24. Be2 Rac8 25. Qc4 Nxe3 26. Qxa4 Nxf1 27. Rxf1 Bd6
28. Qb3 e4 29. Nd4 Rc5 30. Qe3 Qg5 31. f4 Qe7 32. a4 Qd7 33. Rd1 Qc7 34. g3 Rd5
35. Rc1 Bc5 36. Kg2 Qd7 37. Rc4 Rd8  0-1

[Event "NOE Landesliga 2017/2018"]
[Site "verschiedene"]
[Date "2018.02.18"]
[Round "8"]
[Board "3"]
[White "Vrana, Frantisek"]
[Black "Rudolf, Herbert"]
[Result "1-0"]
[WhiteElo "2253"]
[BlackElo "2112"]
[PlyCount "63"]
[EventDate "2017.10.01"]
[EventType "team"]
[EventRounds "11"]
[EventCountry "AUT"]
[WhiteTeam "SV Mistelbach"]
[BlackTeam "SK Advisory Invest Baden"]

1. e4 d5 2. exd5 Nf6 3. d4 Bg4 4. Nf3 Qxd5 5. Be2 Nc6 6. h3 Bxf3 7. Bxf3 Qf5 8.
O-O e6 9. Re1 Nb4 10. Bxb7 Rb8 11. a3 Rxb7 12. axb4 Bxb4 13. Re5 Qg6 14. Qf3
Qxc2 15. Na3 Bxa3 16. Qxb7 Qd1+ 17. Kh2 Bd6 18. Qa8+ Ke7 19. Qxa7 Qc2 20. f4
Bxe5 21. fxe5 Nd5 22. Bg5+ f6 23. Rc1 Qg6 24. exf6+ gxf6 25. Rxc7+ Nxc7 26.
Qxc7+ Kf8 27. Qd8+ Kf7 28. Qxh8 fxg5 29. Qe5 h5 30. b4 h4 31. b5 g4 32. Qf4+
 1-0

[Event "NOE Landesliga 2017/2018"]
[Site "verschiedene"]
[Date "2018.02.18"]
[Round "8"]
[Board "4"]
[White "Herndlbauer, Martin"]
[Black "Gasa, Andrej"]
[Result "0-1"]
[WhiteElo "2081"]
[BlackElo "2259"]
[PlyCount "68"]
[EventDate "2017.10.01"]
[EventType "team"]
[EventRounds "11"]
[EventCountry "AUT"]
[WhiteTeam "SK Advisory Invest Baden"]
[BlackTeam "SV Mistelbach"]

1. Nf3 Nf6 2. e3 d5 3. c4 c6 4. Nc3 e6 5. d4 Be7 6. b3 Nbd7 7. Bb2 O-O 8. Bd3
c5 9. cxd5 exd5 10. O-O b6 11. Qe2 Bb7 12. Rfd1 Bd6 13. dxc5 bxc5 14. Rac1 a6
15. Bb1 Re8 16. Qd3 Ne5 17. Nxe5 Bxe5 18. f4 Bxc3 19. Qxc3 Rc8 20. Re1 Qd7 21.
h3 Qc6 22. Bf5 Rc7 23. Qc2 g6 24. Bg4 Ne4 25. Bf3 f6 26. Bxe4 Rxe4 27. Qf2 Qe6
28. Rc3 d4 29. Rd3 a5 30. Red1 Ba6 31. exd4 Bxd3 32. dxc5 Re2 33. Qd4 Qc6 34.
Qd8+ Kf7  0-1